<?xml version="1.0" encoding="UTF-8"?>
<record
    xmlns:xsi="http://www.w3.org/2001/XMLSchema-instance"
    xsi:schemaLocation="http://www.loc.gov/MARC21/slim http://www.loc.gov/standards/marcxml/schema/MARC21slim.xsd"
    xmlns="http://www.loc.gov/MARC21/slim">

  <leader>00915nam a2200193Ia 4500</leader>
  <datafield tag="952" ind1=" " ind2=" ">
    <subfield code="0">0</subfield>
    <subfield code="1">0</subfield>
    <subfield code="4">0</subfield>
    <subfield code="7">0</subfield>
    <subfield code="a">11</subfield>
    <subfield code="b">11</subfield>
    <subfield code="d">2007-07-11</subfield>
    <subfield code="l">2</subfield>
    <subfield code="o">HD38 A23 2006</subfield>
    <subfield code="p">11 001183</subfield>
    <subfield code="r">2015-02-16</subfield>
    <subfield code="s">2015-02-16</subfield>
    <subfield code="t">2</subfield>
    <subfield code="w">2012-06-26</subfield>
    <subfield code="y">LB</subfield>
  </datafield>
  <datafield tag="952" ind1=" " ind2=" ">
    <subfield code="0">0</subfield>
    <subfield code="1">0</subfield>
    <subfield code="4">0</subfield>
    <subfield code="7">0</subfield>
    <subfield code="a">11</subfield>
    <subfield code="b">11</subfield>
    <subfield code="d">2007-07-11</subfield>
    <subfield code="l">1</subfield>
    <subfield code="o">HD38 A23 2006</subfield>
    <subfield code="p">11 001184</subfield>
    <subfield code="r">2015-03-12</subfield>
    <subfield code="s">2015-03-12</subfield>
    <subfield code="t">3</subfield>
    <subfield code="w">2012-06-26</subfield>
    <subfield code="y">LB</subfield>
  </datafield>
  <datafield tag="952" ind1=" " ind2=" ">
    <subfield code="0">0</subfield>
    <subfield code="1">0</subfield>
    <subfield code="4">0</subfield>
    <subfield code="7">0</subfield>
    <subfield code="a">11</subfield>
    <subfield code="b">11</subfield>
    <subfield code="d">2007-01-08</subfield>
    <subfield code="l">2</subfield>
    <subfield code="o">HD38 A23 2006</subfield>
    <subfield code="p">11 001323</subfield>
    <subfield code="r">2016-07-07</subfield>
    <subfield code="s">2016-07-07</subfield>
    <subfield code="t">1</subfield>
    <subfield code="w">2012-06-26</subfield>
    <subfield code="y">LB</subfield>
  </datafield>
  <datafield tag="952" ind1=" " ind2=" ">
    <subfield code="0">0</subfield>
    <subfield code="1">0</subfield>
    <subfield code="4">0</subfield>
    <subfield code="7">0</subfield>
    <subfield code="a">11</subfield>
    <subfield code="b">11</subfield>
    <subfield code="d">2007-07-11</subfield>
    <subfield code="l">2</subfield>
    <subfield code="o">HD38 A23 2006</subfield>
    <subfield code="p">11 002408</subfield>
    <subfield code="r">2019-02-22</subfield>
    <subfield code="s">2019-02-22</subfield>
    <subfield code="t">4</subfield>
    <subfield code="w">2012-06-26</subfield>
    <subfield code="y">LB</subfield>
  </datafield>
  <datafield tag="952" ind1=" " ind2=" ">
    <subfield code="0">0</subfield>
    <subfield code="1">0</subfield>
    <subfield code="4">0</subfield>
    <subfield code="7">0</subfield>
    <subfield code="a">11</subfield>
    <subfield code="b">11</subfield>
    <subfield code="d">2007-08-17</subfield>
    <subfield code="l">0</subfield>
    <subfield code="o">HD38 A23 2006</subfield>
    <subfield code="p">11 002997</subfield>
    <subfield code="r">2012-06-26</subfield>
    <subfield code="t">6</subfield>
    <subfield code="w">2012-06-26</subfield>
    <subfield code="y">LB</subfield>
  </datafield>
  <datafield tag="952" ind1=" " ind2=" ">
    <subfield code="0">0</subfield>
    <subfield code="1">0</subfield>
    <subfield code="4">0</subfield>
    <subfield code="7">0</subfield>
    <subfield code="a">11</subfield>
    <subfield code="b">11</subfield>
    <subfield code="d">2007-07-11</subfield>
    <subfield code="l">4</subfield>
    <subfield code="o">HD38 A23 2006</subfield>
    <subfield code="p">11 006609</subfield>
    <subfield code="r">2019-03-12</subfield>
    <subfield code="s">2019-03-12</subfield>
    <subfield code="t">5</subfield>
    <subfield code="w">2012-06-26</subfield>
    <subfield code="y">LB</subfield>
  </datafield>
  <datafield tag="999" ind1=" " ind2=" ">
    <subfield code="c">69082</subfield>
    <subfield code="d">69082</subfield>
  </datafield>
  <controlfield tag="008">120626s2002    mx a          000 0 spa d</controlfield>
  <datafield tag="020" ind1=" " ind2=" ">
    <subfield code="a">9682446368</subfield>
  </datafield>
  <datafield tag="050" ind1=" " ind2=" ">
    <subfield code="a">HD38 </subfield>
    <subfield code="b">A23 2006</subfield>
  </datafield>
  <datafield tag="100" ind1=" " ind2=" ">
    <subfield code="a">Audirac Camarena, Carlos Augusto.</subfield>
    <subfield code="e">autor</subfield>
  </datafield>
  <datafield tag="245" ind1=" " ind2=" ">
    <subfield code="a">ABC del desarrollo organizacional</subfield>
    <subfield code="c"> / Carlos Augusto, Audirac Camarena</subfield>
  </datafield>
  <datafield tag="260" ind1=" " ind2=" ">
    <subfield code="a">M&#xE9;xico</subfield>
    <subfield code="b">: Editorial Trillas</subfield>
    <subfield code="c">, 2002</subfield>
  </datafield>
  <datafield tag="300" ind1=" " ind2=" ">
    <subfield code="a">110 p&#xE1;ginas</subfield>
    <subfield code="b">: ilustraciones  </subfield>
  </datafield>
  <datafield tag="500" ind1=" " ind2=" ">
    <subfield code="a">Incluye: Indice de contenido, Pr&#xF3;logo, Introducci&#xF3;n, Conclusiones, Glosario, Bibliograf&#xED;a, Indice anal&#xED;tico</subfield>
  </datafield>
  <datafield tag="505" ind1=" " ind2=" ">
    <subfield code="a">Antecedentes  
&#xBF;Qu&#xE9; es desarrollo organizacional?  
Teor&#xED;as de organizaci&#xF3;n  
Concepto de cambio  
Teor&#xED;a de sistemas  
Proceso de consultor&#xED;a  
Metodolog&#xED;a de intervenci&#xF3;n    
</subfield>
  </datafield>
  <datafield tag="519" ind1=" " ind2=" ">
    <subfield code="a">Material Complementario /  
</subfield>
    <subfield code="b">Psicolog&#xED;a /</subfield>
    <subfield code="d">(11 002997)  
</subfield>
  </datafield>
  <datafield tag="650" ind1=" " ind2="0">
    <subfield code="a">CAMBIO ORGANIZACIONAL</subfield>
  </datafield>
  <datafield tag="650" ind1=" " ind2="0">
    <subfield code="a">TRABAJO </subfield>
    <subfield code="x">PRODUCTIVIDAD</subfield>
  </datafield>
  <datafield tag="942" ind1=" " ind2=" ">
    <subfield code="c">LB</subfield>
  </datafield>
</record>
